| 000 | 01232nam a2200325 i 4500 | ||
|---|---|---|---|
| 003 | EG-GICUC | ||
| 005 | 20260121101452.0 | ||
| 008 | 251211s1983 le ||||fr|||| 00| 0 ara d | ||
| 040 |
_a EG-GICUC _bara _c EG-GICUC _d EG-GICUC _erda |
||
| 041 | _aara | ||
| 082 | 0 | 4 |
_221 _a343.6 _bج ل . ع |
| 092 | 0 | 4 | _221 |
| 099 | _aLaw1 10 343.6 ج ل . ع 1983 | ||
| 100 | 0 |
_a جلال ثروت _eمؤلف. |
|
| 245 | 1 | 0 |
_aعلم الإجرام والعقاب / _cجلال ثروت ، محمد زكي ابو عامر |
| 264 | 1 |
_aبيروت : _bالدار الجامعية للطباعة والنشر، _c1983. |
|
| 300 |
_a370 صفحة ؛ _c24 سم. |
||
| 336 |
_2rda content _atext |
||
| 337 |
_2rda media _aComputer |
||
| 338 |
_2rda carrier _aOnline Resource |
||
| 504 | _aيشتمل على ارجاعات ببليوجرافية | ||
| 546 | _aالنص أغلبه باللغة العربية بعض النصوص الإنجليزية والفرنسية | ||
| 650 | 1 | 4 |
_aعلم الإجرام _2qrmak |
| 650 | 1 | 4 | _aعلم العقاب |
| 651 | 1 | _2qrmak | |
| 700 |
_aمحمد زكي ابو عامر _eمؤلف. |
||
| 856 | 4 | 0 | _uhttps://fll.law.cu.edu.eg/fulltext/bks/B10-07189.pdf |
| 905 |
_a75 _eHassnaa |
||
| 942 |
_2ddc _cBK _e21 _n0 |
||
| 999 |
_c49849 _d49849 |
||